000 01065cam a22002651 4500
001 1289
005 20230822153323.0
008 810309s1950 enka 000 1 eng
040 _aDLC
_beng
_cWMM
_dWMM
_dUk
_dDLC
050 0 0 _aPZ8.L48
_bLi
082 _aFic
100 1 _aLewis, C. S.
_q(Clive Staples),
_d1898-1963.
245 1 4 _aThe lion, the witch and the wardrobe;
_cIllustrated by Pauline Baynes
250 _aFirst Scholastic printing, January 1995
260 _aLondon,
_bScholastic,
_c1950
300 _a189 pages :
_bIllustrations, maps ;
_c20 cm.
490 _aThe Chronicles of Narnia
_vBook 2
500 _aSequel: Prince Caspian, the return to Narnia.
505 _aZ1
520 _aFour English schoolchildren find their way through the back of a wardrobe into the magic land of Narnia and assist Aslan, the golden lion, to triumph over the White Witch, who has cursed the land with eternal winter.
521 _a940
_bLexile
521 _aZ1
_bRaz-Plus
906 _a7
_bcbc
_coclcrpl
_du
_encip
_f19
_gy-gencatlg
942 _2ddc
_cBK
_n0
999 _c1289
_d1289